Этимология названий растений села Костенково; Исследования молодых - регионам; Т. 1

Dades bibliogràfiques
Parent link:Исследования молодых - регионам: сборник трудов I Всероссийской научно-практической конференции, 29-31 марта 2011 г., г. Томск/ Национальный исследовательский Томский политехнический университет (ТПУ), Новокузнецкий филиал (НФ); под ред. С. И. Каковихиной.— , 2011
Т. 1.— 2011.— C. 40-44
Autor principal: Шабалина К. А.
Altres autors: Болоцкая Н. К. (научный руководитель)
Idioma:rus
Publicat: 2011
Col·lecció:Актуальные проблемы современных гуманитарных наук (русский язык, литература, риторика)
Matèries:
Format: MixedMaterials Capítol de llibre
KOHA link:https://koha.lib.tpu.ru/cgi-bin/koha/opac-detail.pl?biblionumber=246673

MARC

LEADER 00000naa2a2200000 4500
001 246673
005 20231031211626.0
035 |a (RuTPU)RU\TPU\book\268126 
035 |a RU\TPU\book\266873 
090 |a 246673 
100 |a 20131206d2011 k y0rusy50 ca 
101 0 |a rus 
102 |a RU 
200 1 |a Этимология названий растений села Костенково  |f К. А. Шабалина  |g науч. рук. Н. К. Болоцкая 
225 1 |a Актуальные проблемы современных гуманитарных наук (русский язык, литература, риторика) 
320 |a Библиогр.: с. 44 (12 назв.) 
461 1 |0 (RuTPU)RU\TPU\book\251726  |t Исследования молодых - регионам  |o сборник трудов I Всероссийской научно-практической конференции, 29-31 марта 2011 г., г. Томск  |f Национальный исследовательский Томский политехнический университет (ТПУ), Новокузнецкий филиал (НФ); под ред. С. И. Каковихиной  |d 2011 
463 0 |0 (RuTPU)RU\TPU\book\250366  |y 978-5-98298-906-2  |t Т. 1  |v C. 40-44  |d 2011  |p 340 с. 
610 1 |a этимология 
610 1 |a названия 
610 1 |a села 
610 1 |a Костенково 
610 1 |a флора 
610 1 |a лексика 
610 1 |a растения 
610 1 |a русский язык 
610 1 |a фонетика 
610 1 |a словообразование 
700 1 |a Шабалина  |b К. А. 
702 1 |a Болоцкая  |b Н. К.  |4 727 
801 1 |a RU  |b 63413507  |c 20131111 
801 2 |a RU  |b 63413507  |c 20131206  |g RCR 
942 |c BK